| 000 | 00724nam a2200205 a 4500 | ||
|---|---|---|---|
| 005 | 20160115081710.0 | ||
| 008 | 140311b2003 ne a gr|||| 00| 0 eng d | ||
| 040 |
_aCO-BoIAVH _cCO-BoIAVH |
||
| 041 | _aeng | ||
| 082 | 4 |
_a338.17374 _bT82s |
|
| 100 | 1 | _aTriana, Adriana Maritza | |
| 245 | 1 |
_aSustainability in the Cocoa Chain _bIdentification of the relevant aspects, stakeholders perspectives and potential sustainability indicators for the cocoa chain |
|
| 260 |
_aWageningen _bWageningen University _c2003 |
||
| 300 |
_a100 paginas.: _bilustraciones _c29 x 21 cm |
||
| 650 | _aTheobroma cacao | ||
| 650 | _aCacao | ||
| 650 | _aCacao (planta) | ||
| 942 |
_cLIBRO _2ddc |
||
| 945 | _d2003-12-03 | ||
| 999 |
_c3523 _d3523 |
||